Automobily: 1 : Podvozky

Gespeichert in:
Bibliographische Detailangaben
Hauptverfasser: Jan, Zdeněk (Verfasst von), Ždánský, Bronislav (Verfasst von)
Format: Buch
Sprache:Tschechisch
Veröffentlicht: Brno : Avid, 2000
Ausgabe:1.
Tags: Tag hinzufügen
Keine Tags, Fügen Sie das erste Tag hinzu!

MARC

LEADER 00000nam a22000003a 4500
001 stu57904
005 20150617225653.8
008 010521s2000----xr------------------cze-d
040 |a STU  |b slo 
041 0 |a cze 
044 |a xr 
080 |a 629.3.023.1 
100 1 |a Jan, Zdeněk  |4 aut 
245 1 |a Automobily: 1 :  |b Podvozky 
250 |a 1. 
260 |a Brno :  |b Avid,  |c 2000 
700 1 |a Ždánský, Bronislav  |4 aut 
996 |b 284J003757  |c J*97784  |l JJK9  |s P  |a 0  |w stu57904_0001